| 000 | 00664nam a22002297a 4500 | ||
|---|---|---|---|
| 001 | 35987 | ||
| 003 | BD-RjUL | ||
| 005 | 20211209052420.0 | ||
| 008 | 140612s1929 eg ||||| |||| 00| 0 eng d | ||
| 035 | _a(BD-RjUL)36084 | ||
| 040 |
_aBD-RjUL _beng _cBD-RjUL |
||
| 041 | _aeng | ||
| 082 | 0 | 4 |
_a822.338 _bSHM 1929 |
| 100 | 1 |
_ashakespeare, William. _9109545 |
|
| 245 | 1 | 0 |
_aMoral quotations from shakespeare : _bexhaustively drawn / _ccompiled by M. Venkatasiah. |
| 250 | _a1st ed. | ||
| 260 |
_aMysore : _bLakshminarasimha Press, _c1929. |
||
| 300 |
_a183 p. ; _c19 cm. |
||
| 650 | 0 |
_aEnglish poetry _9109546 |
|
| 700 | 1 |
_aVenkatasiah, M. _9109547 |
|
| 942 |
_2ddc _cBK |
||
| 999 |
_c35987 _d35987 |
||